| 000 | | | 03841nmc2a22002413x 450 |
| 001 | | | 7853b84e-ad35-45c7-a053-10cf2512ff33 |
| 005 | | | 20210512043927.0 |
| 100 | ## | $a | 20210128l19011909k l0rusy0189 ca |
| 101 | 0# | $a | rus |
| 102 | ## | $a | RU |
| 105 | ## | $a | e### |
| 122 | 2# | $a | d |
| 200 | 1# | $a | Прошения И. Левина и других лиц и переписка по их ходатайствам об отдаче в аренду торфяников в Курляндской губернии |
| | $j | 30 января 1901 г. - 13 августа 1909 г. |
| 215 | ## | $a | 63 л. |
| | $c | план. |
| | $d | 36,5х26 см |
| 251 | ## | $c | Дело |
| 300 | ## | $a | [План торфяника в Митавском лесничестве (л. 21)] |
| 371 | ## | $a | Документ не является опубликованным и широко распространяемым |
| 461 | #0 | $1 | 001a9dcd51c-c252-454c-aea9-eaf7a800c266 |
| | $1 | 2001 |
| | $a | Переписка по ходатайству крестьян деревни Петропавловской Богородской волости Верейского уезда Московской губернии об осушении их земель |
| | $1 | 251 |
| | $c | Дело |
| | $1 | 852 |
| | $j | 501 |
| 462 | #0 | $1 | 0013a02340e-e572-4ee5-9169-9b29c64f7ce0 |
| | $1 | 2001 |
| | $a | Отдел земельных улучшений Министерства земледелия |
| | $1 | 251 |
| | $c | Опись |
| | $1 | 852 |
| | $j | 2 |
| 801 | #0 | $a | RU |
| | $b | РГИА |
| | $c | 20210128 |
| | $g | RCR |
| 801 | #1 | $a | RU |
| | $b | ГлавНИВЦ |
| | $c | 20210128 |
| | $2 | rusmarc |
| 801 | #2 | $a | RU |
| | $b | ПБ им. Б.Н. Ельцина |
| | $c | 20210512 |
| | $g | RCR |
| | $2 | rusmarc |
| 850 | ## | $a | РГИА |
| 852 | ## | $a | РГИА |
| | $e | Федеральное казенное учреждение "Российский государственный исторический архив" (РГИА) |
| | $j | 453 |
| 937 | ## | $h | РГИА |
| | $d | 12358594 |
| | $a | ASBIBLIO_SCAN |
| 035 | ## | $a | RusGRCC00020540 |
| 856 | ## | $u | http://readingroom.main.prlib.ru/item.aspx?id_node=n164230022&mode=full |